Využitie pôvodu krajiny v podmienkach medzinárodného trhu bakalárska práca

Na minha lista:
Detalhes bibliográficos
Autor principal: Maláková, Martina
Autor Corporativo: Obchodná fakulta EU. Katedra tovaroznalectva a kvality tovaru
Outros Autores: Strhan, Rastislav, 1968-
Formato: Livro
Idioma:eslovaco
Publicado em: Bratislava 2017
Tags: Adicionar Tag
Sem tags, seja o primeiro a adicionar uma tag!

MARC

LEADER 00000nbm a2200000 4500
001 0232817
005 20171003144353.5
041 0 |a slo 
044 |a SK 
245 1 0 |a Využitie pôvodu krajiny v podmienkach medzinárodného trhu  |b bakalárska práca  |c Martina Maláková ; školiteľ: Rastislav Strhan 
264 1 |a Bratislava  |c 2017 
300 |a 69 s. 
100 1 |a Maláková, Martina 
700 1 |a Strhan, Rastislav, 1968- 
710 2 |a Obchodná fakulta EU. Katedra tovaroznalectva a kvality tovaru